header

Ghostlife of third cinema (Record no. 2013)

MARC details
000 -LEADER
fixed length control field 01374nam a2200337Ia 4500
082 04 - DEWEY DECIMAL CLASSIFICATION NUMBER
Classification number 791.43/6352995073
100 1# - MAIN ENTRY--AUTHOR NAME
Personal name Mimura, Glen M.
245 10 - TITLE STATEMENT
Title Ghostlife of third cinema
260 ## - PUBLICATION, DISTRIBUTION, ETC. (IMPRINT)
Place of publication Minneapolis :
Name of publisher University of Minnesota Press,
Year of publication 2009.
300 ## - PHYSICAL DESCRIPTION
Number of Pages xxiii, 192 p.
650 #0 - SUBJECT ADDED ENTRY--TOPICAL TERM
Topical Term Asian Americans in motion pictures.
Topical Term Asian American motion picture producers and directors.
856 40 - ELECTRONIC LOCATION AND ACCESS
Uniform Resource Identifier http://site.ebrary.com/lib/rucke/Doc?id=10285621

No items available.

© 2026 Rongo University
Contact us: librarian | system librarian | Rongo university